000 01160nam a2200241Ia 4500
999 _c34669
_d34669
001 448
003 GE_BSU
005 20200203104135.0
008 181216s2007||||ge |||||||||||||| ||geo||
020 _a994069330
040 _cGE_BSU
041 _ageo
080 _a821.111-32+339.13.012.42 ს-98
100 _aსქულანდი, კენ
_96667
245 _aჯონათან გალიბლის თავგადასავალი :
_bთავისუფალი ბაზრის ოდისეა /
_cკენ სქულანდი ; [მთარგმნ.: მჟავანაძე ირაკლი, შიუკაშვილი ვანდა, შეშელიძე პაატა (მთ. რედ.)].
264 _aთბილისი,
_c2007.
300 _a161 გვ.;
_b19 სმ.
653 _aთავისუფალი ბაზარი
700 _aმჟავანაძე, ირაკლი
_96668
700 _aშიუკაშვილი, ვანდა
_96669
700 _aშეშელიძე, პაატა
_eმთარგმნელი
_96429
942 _cBK
_2udc